| 000 | 00499 a2200169 4500 | ||
|---|---|---|---|
| 999 |
_c5001 _d5001 |
||
| 010 | _aENG-86611 | ||
| 020 |
_a8190396129 _c425.00 |
||
| 035 | _aEN-70144 | ||
| 037 | _bDBAD / PUB | ||
| 082 | 1 | 4 | _a025.04 |
| 100 | _aThapa, Neelam | ||
| 245 | 1 |
_aSlices of library automation / _cby Neelam Thapa |
|
| 260 |
_aAgra _bY.K. Publishers _c2007 |
||
| 270 |
_aBlock-77, Sanjay Place, _bAgra _e282 002 _cU. P. _k0562-2853506 |
||
| 300 |
_a166p _c22cm (Hb) |
||
| 942 |
_adpl _cEN _2ddc _h025.04 _mTHA |
||